000 00755nam a2200229 a 4500
001 19162
003 CO-ViMGA
008 141112s2004 ck r 000 u spa d
020 _a8427712308
040 _aCO-ViMGA
_bspa
_cCO-ViMGA
082 0 4 _aR616.5 V153a
100 1 _aValle, Ángela del
_927466
245 1 0 _aAportación Bio - bibliográfica a la historia de la ciencia :
_bUniversidad Central 1886 - 1902
260 _aMadrid :
_bNarcea; 1998
300 _a270 p.
490 _aEducación Estudios Hoy
590 _aForma de adquisición : Proyecto 2005 - - Precio :
_88.200
650 1 4 _aCIENCIAS - BIBLIOGRAFIAS
_927467
650 1 4 _aCIENCIAS - BIO - BIBLIOGRAFIAS
_927468
650 1 4 _aUNIVERSIDAD CENTRAL - ESPAÑA
_927469
942 _2ddc
_cBK
999 _c28324
_d28324